Les parcs d'attractions les plus visités au monde en 2022 - Statistiques

Statistiques générales
  • Ce quiz a été pris 32 fois
  • Le résultat moyen est 2 sur 25
Statistiques - réponses
Parcs d'attractions les plus visitées du monde % Correct
Europa-Park
83%
Magic Kingdom
34%
Epcot, Walt Disney World
31%
Disneyland Park, Disneyland Resort
28%
Tokyo Disney Sea
21%
Disneyland Park, Disneyland Paris
7%
Disney's Animal Kingdom, Walt Disney World
7%
Tokyo Disneyland Resort
7%
Universal Studios Japan
7%
Disney's Hollywood Studios, Walt Disney World
3%
Universal's Islands of Adventure
3%
Universal Studios Florida
3%
Universal Studios Hollywood
3%
Walt Disney Studios Park, Disneyland Paris
3%
Chimelong Ocean Kingdom
0%
Chimelong Paradise
0%
De Efteling, Efteling Theme Park Resort
0%
Disney California Adventure Park
0%
Everland
0%
Hong Kong Disneyland
0%
Lotte World
0%
Nagashima Spa Land
0%
Ocean Park
0%
OCT Happy Valley
0%
Shangai Disneyland
0%
Aucun quiz correspondant
Distribution des résultats
% des personnes avec chaque résultat
Percentile par nombre de réponses
Votre historique - résultats
Vous n’avez pas pris ce quiz